000
00303nam a2200133Ia 4500
008
190216s9999||||xx |||||||||||||| ||und||
100
_a
Eldon J Gardner
245
0
_a
Principles Of Genetics
250
_a
3rd Ed.
260
_b
Wiley Eastern Ltd
_c
1968
300
_a
518
650
_a
Botany
942
_c
BK
999
_c
1076
_d
1076